La vejez del padre eterno /

Guardado en:
Autor Principal: Guerra Junqueiro.
Formato: Libro
Idioma:Undetermined
Publicado: Buenos Aires : Claridad, 1924.
Materias:
Etiquetas: Agregar Etiqueta
Sin Etiquetas, Sea el primero en etiquetar este registro!
LEADER 00438nam a22001455a 4500
001 EHU.bham047366
005 20110622154402.0
008 110622s1924####ag############000#0#und#d
100 1 |a Guerra Junqueiro. 
245 0 0 |a La vejez del padre eterno /  |c Guerra Junqueiro. 
260 |a Buenos Aires :  |b Claridad,  |c 1924. 
300 |a 96 p. 
653 |a Poesía 
653 |a Coleccion 
859 |a AR-BHAM  |b BIB. HUMANIDADES - Donacion Lejarraga  |h MFN001585  |p 001585.19